000 01341nam a22002771i 4500
003 OSt
005 20250928083653.0
008 250922s2004 su g 000 0dara c
020 _a9960623537
040 _aSA-JeALM
_bara
_cSA-RiAUC
_erda
082 0 4 _a811.09
_qSA-RiAUC
090 _a811.09
_bخ و ا
100 1 _aخواجي، مجدي محمد ناصر،
_d1386 هجري-
_eمؤلف.
245 1 0 _aيحيى بن يوسف المكي :
_bشاعر الحجاز في القرن الثامن الهجري : دراسة موضوعية وفنية /
_cمجدي بن محمد الخواجي.
250 _aالطبعة الأولى.
264 1 _aأبها، السعودية :
_bنادي أبها الأدبي،
_c2004
300 _a169 صفحة ؛
_c22 سم.
336 _aنص
_btxt
_2rdacontent
_3كتاب
337 _aبدون وسيط
_bn
_2rdamedia
500 _aاهداء من المؤلف مجدي الخواجي الى الشيخ رحمه الله بتاريخ 1425 هـ
600 1 7 _aالمكي، يحيى بن يوسف،
_dتوفي 782 هجري
_2aucnm
650 7 _aالشعر العربي
_xتاريخ ونقد
_yالعصر العباسي الثاني.
_2aucsh
650 7 _aالشعراء العرب
_yالعصر العباسي الثاني
_vتراجم
_2aucsh
942 _2ddc
_cBOOK
_n0
949 _aSA-JeALM
_d250922
_uosman123
_n1
999 _c12144
_d12144